Soil Mechanics and Foundation Engineering / (Record no. 2903)

MARC details
000 -LEADER
fixed length control field 00713nac a22001811u 4500
008 - FIXED-LENGTH DATA ELEMENTS--GENERAL INFORMATION
fixed length control field 100907t xxu||||| |||| 00| 0 eng d
020 ## - INTERNATIONAL STANDARD BOOK NUMBER
International Standard Book Number 8180140288
082 ## - DEWEY DECIMAL CLASSIFICATION NUMBER
Classification number 624.15
Item number ARO
100 ## - MAIN ENTRY--PERSONAL NAME
Personal name Arora ,K.R.
9 (RLIN) 18616
245 ## - TITLE STATEMENT
Title Soil Mechanics and Foundation Engineering /
Statement of responsibility, etc K.R.Rora.
260 ## - PUBLICATION, DISTRIBUTION, ETC. (IMPRINT)
Place of publication, distribution, etc New Delhi:
Name of publisher, distributor, etc Standard Publishurs Distributors ,
Date of publication, distribution, etc c[2005]
300 ## - PHYSICAL DESCRIPTION
Extent 887p.:
Other physical details il. l;
Dimensions 25cm.
500 ## - GENERAL NOTE
General note Includes Index.
650 ## - SUBJECT ADDED ENTRY--TOPICAL TERM
Topical term or geographic name as entry element Soil mechanics.
9 (RLIN) 18617
700 ## - ADDED ENTRY--PERSONAL NAME
Personal name Arora ,K.R.
9 (RLIN) 18618
942 ## - ADDED ENTRY ELEMENTS (KOHA)
Item type Book - Borrowing
Call number prefix 624.15ARO
Source of classification or shelving scheme Dewey Decimal Classification
Holdings
Withdrawn status Item status Source of classification or shelving scheme Damaged status Not for loan Vendor Home library Current library Shelving location Date acquired Source of acquisition Total Checkouts Full call number Barcode Date last seen Cost, replacement price Koha item type
    Dewey Decimal Classification       Central Library Central Library First floor 07/09/2010   1 624.15 ARO 000001371 15/07/2025 110.00 Book - Borrowing